000 00305nam a22001337a 4500
008 170803b xxu||||| |||| 00| 0 eng d
020 _a9780073519180
041 _aeng
080 _a004
100 _a32
101 _aSHKI
245 _aMICROSOFT OFFICE POWER POINT 2007
_cGRAVES, P.R
942 _2udc
_cBK
999 _c22634
_d22634